000 00721nam a2200289Ia 4500
005 20260324125938.0
008 008 260324s9999 xx 000 0 eng d
020 _a9781003061014
037 _aEBOOK
040 _aCRL
040 _beng
040 _cCRL
041 _2eng
041 _aeng
084 _qCRL
100 _aSusan Hamilton; Janice Schroeder
_91179938
245 0 _aNineteenth Century British Women's Education, 1840-1900 v6
245 0 _bArguments and Experiences
260 _bTaylor and Francis
260 _c2008
365 _a
365 _b220
856 _uhttp://www.taylorfrancis.com/books/9781003061014
942 _cEBOOK
999 _c1775622
_d1775622